[Event "Doeberl Cup Major 47th"]
[Site "Canberra"]
[Date "2009.04.12"]
[Round "5"]
[White "Boyce, Jamie"]
[Black "Stead, Kerry"]
[Result "0-1"]
[WhiteElo "1866"]
[BlackElo "2087"]
[PlyCount "62"]
[EventDate "2009.04.10"]
[EventType "swiss"]
[EventRounds "6"]
[EventCountry "AUS"]
[SourceTitle "CBM 129 Extra"]
[Source "ChessBase"]
[SourceDate "2009.05.05"]
[SourceVersion "2"]
[SourceVersionDate "2009.05.20"]
[SourceQuality "1"]

1. c4 g6 2. Nc3 Bg7 3. g3 c6 4. Bg2 d6 5. e4 e5 6. Nge2 Be6 7. d3 Ne7 8. 0-0 0-0 9. Be3 f5 10. f3 Nd7 11. Qd2 Nf6 12. Rad1 Rf7 13. b3 c5 14. Nd5 Bxd5 15. exd5 Qf8 16. Kh1 h6 17. f4 Nd7 18. b4 Rc8 19. Nc3 a6 20. b5 Kh7 21. bxa6 bxa6 22. Rb1 Ng8 23. Qc2 Ngf6 24. Ne2 Re8 25. Rbe1 Rfe7 26. h3 Nh5 27. Kh2 exf4 28. Bxf4 Nxf4 29. Rxf4 Re3 30. Rf3 Qe7 31. Rxe3 Qxe3 0-1

[Event "Doeberl Cup 44th"]
[Site "Canberra"]
[Date "2006.04.16"]
[Round "6"]
[White "Stojic, Svetozar"]
[Black "Boyce, Jamie"]
[Result "1/2-1/2"]
[WhiteElo "1895"]
[BlackElo "1667"]
[PlyCount "109"]
[EventDate "2006.04.14"]
[EventType "swiss"]
[EventRounds "7"]
[EventCountry "AUS"]
[SourceTitle "CBM 111 Extra"]
[Source "ChessBase"]
[SourceDate "2006.05.09"]
[SourceVersion "1"]
[SourceVersionDate "2006.05.09"]
[SourceQuality "1"]

1. e4 c6 2. d4 d5 3. Nd2 dxe4 4. Nxe4 Bf5 5. Ng3 Bg6 6. h4 h6 7. Nf3 Nd7 8. h5 Bh7 9. Bd3 Bxd3 10. Qxd3 Ngf6 11. Bf4 e6 12. Ne4 Nxe4 13. Qxe4 Nf6 14. Qe2 Bd6 15. Bd2 Qc7 16. g3 0-0-0 17. 0-0-0 Kb8 18. c4 Qe7 19. Ne5 c5 20. Bc3 cxd4 21. Bxd4 Rc8 22. Kb1 Bc5 23. Bc3 Rhd8 24. f4 Rd6 25. g4 Ne8 26. Nd3 Rdd8 27. Nxc5 Qxc5 28. Rxd8 Rxd8 29. Rd1 Rxd1+ 30. Qxd1 Qe7 31. Bb4 Qc7 32. Qd4 f6 33. Bf8 e5 34. fxe5 fxe5 35. Qd5 Kc8 36. Qe6+ Qd7 37. Qxd7+ Kxd7 38. g5 hxg5 39. Bxg7 Ke6 40. h6 Kf7 41. Bxe5 Kg6 42. c5 Kxh6 43. b4 a6 44. a4 Kg6 45. Kc2 Kf5 46. Bh2 Ke4 47. Kc3 Kd5 48. Kd3 Nf6 49. Bg3 Ne4 50. Be1 g4 51. Ke3 g3 52. Kf3 Nxc5 53. bxc5 Kxc5 54. Kxg3 b5 55. axb5 1/2-1/2

[Event "Doeberl Cup 44th"]
[Site "Canberra"]
[Date "2006.04.14"]
[Round "1"]
[White "Oliver, Gareth"]
[Black "Boyce, Jamie"]
[Result "1-0"]
[WhiteElo "2120"]
[BlackElo "1667"]
[PlyCount "97"]
[EventDate "2006.04.14"]
[EventType "swiss"]
[EventRounds "7"]
[EventCountry "AUS"]
[SourceTitle "CBM 111 Extra"]
[Source "ChessBase"]
[SourceDate "2006.05.09"]
[SourceVersion "1"]
[SourceVersionDate "2006.05.09"]
[SourceQuality "1"]

1. d4 d5 2. c4 e6 3. Nc3 Nf6 4. Nf3 Be7 5. Bg5 0-0 6. e3 Nbd7 7. Bd3 b6 8. 0-0 Bb7 9. Rc1 Rc8 10. Qa4 a6 11. cxd5 b5 12. Qc2 exd5 13. Ne5 h6 14. Bxf6 Nxf6 15. Bf5 Ra8 16. a4 b4 17. Ne2 Bd6 18. Nf4 c5 19. Ne6 Qe7 20. Nxf8 Rxf8 21. Nf3 c4 22. Rfe1 b3 23. Qe2 g6 24. Bb1 Re8 25. Nd2 Bb4 26. e4 Qd7 27. Qd1 Qxa4 28. exd5 Rxe1+ 29. Qxe1 Bxd5 30. Qe2 Bxd2 31. Qxd2 Kg7 32. Re1 a5 33. f3 Qb4 34. Qc1 a4 35. Be4 Qb6 36. Qc3 Qc6 37. Bb1 Ne8 38. Be4 Nd6 39. Bxd5 Qxd5 40. Rd1 Nf5 41. Kf2 Nd6 42. Qb4 Qc6 43. d5 Qa6 44. Ke1 Nb7 45. d6 Qa5 46. Qxa5 Nxa5 47. d7 Nb7 48. Kd2 Kf8 49. Re1 1-0